Popular Christmas Songs - Statistics

General Stats
  • This quiz has been taken 47 times
    12 since last reset
  • The average score is 31 of 68
Answer Stats
Released Song Title % Correct
1964 A Holly Jolly Christmas
75%
1994 All I Want for Christmas is You
75%
1882 Away in a Manger
75%
1957 Blue Christmas
75%
1950 Frosty the Snowman
75%
1957 Jingle Bell Rock
75%
1857 Jingle Bells
75%
1984 Last Christmas
75%
1945 Let it Snow! Let it Snow! Let it Snow!
75%
1953 Santa Baby
75%
1934 Santa Claus is Coming to Town
75%
1961 The Christmas Song
75%
1956 White Christmas
75%
1934 Winter Wonderland
75%
1862 Angels We have Heard on High
50%
1949 Baby It’s Cold Outside
50%
1962 Christmas (Baby Please Come Home)
50%
1862 Deck the Halls
50%
1962 Do You Hear What I Hear?
50%
1970 Feliz Navidad
50%
1971 Happy Xmas (War Is Over)
50%
1739 Hark! The Herald Angels Sing
50%
1944 Have Yourself a Merry Little Christmas
50%
1947 Here Comes Santa Claus
50%
1952 I Saw Mommy Kissing Santa Claus
50%
1951 It’s Beginning to Look a Lot Like Christmas
50%
1963 It’s the Most Wonderful Time of the Year
50%
1953 I Want a Hippopotamus for Christmas
50%
1941 Little Drummer Boy
50%
1963 Little Saint Nick
50%
1960 Please Come Home for Christmas
50%
1958 Rockin’ Around the Christmas Tree
50%
1949 Rudolph the Red Nose Reindeer
50%
2014 Santa Tell Me
50%
1818 Silent Night
50%
1950 Silver Bells
50%
1948 Sleigh Ride
50%
1958 The Chipmunk Song
50%
1823 The First Noel
50%
2013 Underneath the Tree
50%
1864 Up on the Housetop
50%
1863 We Three Kings
50%
1935 We Wish you a Merry Christmas
50%
1979 Wonderful Christmastime
50%
1916 Carol of the Bells
25%
1965 Christmas Time is Here
25%
1892 Dance of the Sugar Plum Fairy
25%
1960 Dominic the Donkey
25%
1985 Do They Know It’s Christmas?
25%
1760 God Rest Ye Merry, Gentlemen
25%
1979 Grandma Got Run Over by a Reindeer
25%
1970 Happy Holiday
25%
1943 I’ll Be Home For Christmas
25%
1719 Joy to the World
25%
1984 Mary, Did You Know
25%
1949 Mele Kalikimaka
25%
1824 O Christmas Tree
25%
1751 Oh Come, All Ye Faithful
25%
1847 O Holy Night
25%
1958 Run Rudolph Run
25%
1967 Snoopy’s Christmas
25%
1954 (There’s No Place Like) Home for the Holidays
25%
1780 The Twelve Days of Christmas
25%
1986 We Need a Little Christmas
25%
1966 You’re a Mean One, Mr. Grinch
25%
1853 Good King Wenceslas
0%
1974 Jesus Child
0%
1865 What Child Is This?
0%
No matching quizzes found
Score Distribution
Percent of People with Each Score
Percentile by Number Answered
Your Score History
You have not taken this quiz since the last reset